Non-voters in 1992 Punjab Vidhan Sabha elections : A study of two constituencies (Record no. 17484)

MARC details
000 -LEADER
fixed length control field 00658nam a2200193Ia 4500
082 ## - DEWEY DECIMAL CLASSIFICATION NUMBER
Classification number RK.0188
100 ## - MAIN ENTRY--AUTHOR NAME
Personal name Khan, Jamshid Ali
245 #0 - TITLE STATEMENT
Title Non-voters in 1992 Punjab Vidhan Sabha elections : A study of two constituencies
260 ## - PUBLICATION, DISTRIBUTION, ETC. (IMPRINT)
Place of publication Patiala
Year of publication 2000
Name of publisher Indian Council of Social Science Research, New Delhi
300 ## - PHYSICAL DESCRIPTION
Number of Pages 230p.
504 ## - BIBLIOGRAPHY, ETC. NOTE
Bibliography, etc Bibliography at the end.
650 ## - SUBJECT ADDED ENTRY--TOPICAL TERM
Topical Term PUNJAB - VIDHAN SABHA - ELECTIONS
650 ## - SUBJECT ADDED ENTRY--TOPICAL TERM
Topical Term VOTING - PUNJAB
650 ## - SUBJECT ADDED ENTRY--TOPICAL TERM
Topical Term ELECTIONS///PUNJAB - VIDHAN SABHA - ELECTIONS
650 ## - SUBJECT ADDED ENTRY--TOPICAL TERM
Topical Term LEGISLATIVE BODIES///PUNJAB - VIDHAN SABHA
700 ## - ADDED ENTRY--PERSONAL NAME
Personal name Rajinder Kaur
710 ## - ADDED ENTRY--CORPORATE NAME
Corporate name or jurisdiction name as entry element Punjabi University, Patiala
942 ## - ADDED ENTRY ELEMENTS (KOHA)
Koha item type Research Reports
Source of classification or shelving scheme Dewey Decimal Classification
Holdings
Withdrawn status Lost status Damaged status Not for loan Collection code Home library Current library Date acquired Bill Date Full call number Accession Number Price effective from Koha item type
      Not For Loan ICSSR Research Project Reports NASSDOC Library NASSDOC Library 08/10/2004 2004-10-05 RK.0188 37991 18/04/2019 Research Reports
          NASSDOC Library NASSDOC Library 08/10/2004 2004-10-05 RK.0188 37992 18/04/2019 Research Reports